Сильноточный импульсный электронный ускоритель микросекундного диапазона для генерации ленточных пучков с большой площадью поперечного сечения; Разработка и практическое применение электронных ускорителей

Détails bibliographiques
Parent link:Разработка и практическое применение электронных ускорителей.— 1975.— С. 125
Auteur principal: Бугаев С. П. Сергей Петрович
Autres auteurs: Ковальчук Б. М. Борис Михайлович, Месяц Г. А. Геннадий Андреевич
Langue:russe
Publié: 1975
Sujets:
Format: Chapitre de livre
KOHA link:https://koha.lib.tpu.ru/cgi-bin/koha/opac-detail.pl?biblionumber=245019

MARC

LEADER 00000naa2a2200000 4500
001 245019
005 20231031211039.0
035 |a (RuTPU)RU\TPU\book\266419 
035 |a RU\TPU\book\266411 
090 |a 245019 
100 |a 20131101d1975 k y0rusy50 ca 
101 0 |a rus 
102 |a RU 
200 1 |a Сильноточный импульсный электронный ускоритель микросекундного диапазона для генерации ленточных пучков с большой площадью поперечного сечения  |f С. П. Бугаев, Б. М. Ковальчук, Г. А. Месяц 
463 0 |0 (RuTPU)RU\TPU\book\254210  |t Разработка и практическое применение электронных ускорителей  |o материалы Всесоюзной конференции (3-5 сентября 1975 г., Томск)  |f Томский политехнический институт (ТПИ) ; под ред. В. Л. Чахлова   |v С. 125  |d 1975  |p 314 с. 
610 1 |a труды учёных ТПУ 
700 1 |a Бугаев  |b С. П.  |c российский физик, специалист в области физики электрических разрядов, вакуумной и плазменной электроники  |c член-корреспондент РАН  |f 1936-2002  |g Сергей Петрович  |2 stltpush  |3 (RuTPU)RU\TPU\pers\27738 
701 1 |a Ковальчук  |b Б. М.  |c российский электрофизик  |c профессор-консультант Томского политехнического университета  |c зав. лаб. Института сильноточной электроники Томского политехнического университета  |c выпускник ЭЭФ Томского политехнического института 1962 г., академик РАН  |f 1940-  |g Борис Михайлович  |2 stltpush  |3 (RuTPU)RU\TPU\pers\27417  |4 070 
701 1 |a Месяц  |b Г. А.  |c российский физик  |c академик, вице-президент РАН  |c выпускник Томского политехнического института  |f 1936-  |g Геннадий Андреевич  |2 stltpush  |3 (RuTPU)RU\TPU\pers\17099  |4 070 
801 1 |a RU  |b 63413507  |c 20131101 
801 2 |a RU  |b 63413507  |c 20190513  |g RCR 
942 |c BK